000 00225nam a2200085Ia 4500
008 240331s9999 xx 000 0 und d
082 _bTra
245 0 _aTraining manual on the management of women's information centres
942 _cL
999 _c1645
_d1645